000 00430nam a22001697a 4500
005 20251108164324.0
008 250721s1978 xx 000 0 ara d
082 1 4 _a920.71/علي
100 1 _aأدهم، علي
245 1 0 _aصور أدبية /
264 1 _aالقاهرة :
_bدار المعارف،
_c1978.
300 _a183 ص
650 1 7 _aالرجال
650 1 7 _aالتراجم
942 _2ddc
_cBK
999 _c9283
_d9283